000 00568nam a2200229Ia 4500
003 OSt
005 20221005114005.0
006 a|||||r|||| 00| 0
007 ta
008 221004b |||||||| |||| 00| 0 kan d
024 _a61746
037 _cTextual
040 _aCRL
_cCRL
_bkan
041 _2kan
_akan
082 _aY:351.2, 33J8
100 _aK.R.K. Au.
_9624705
245 0 _aAmbigar gangamatha itar hadugalu
260 _c1958
650 _aSOCIOLOGY
942 _hY:351.2, 33J8
_cTEXL
_2cc
999 _c1029957
_d1029957